Romper el molde : (Record no. 211829)

MARC details
000 -CABECERA
campo de control de longitud fija 01765nam a2200253 a 4500
003 - IDENTIFICADOR DEL NÚMERO DE CONTROL
campo de control MX-MxUPN
005 - FECHA Y HORA DE LA ÚLTIMA TRANSACCIÓN
campo de control 20241016063856.0
008 - ELEMENTOS DE LONGITUD FIJA--INFORMACIÓN GENERAL
campo de control de longitud fija 241011s2024 mx o|||fr|||| 000 0 spa d
020 ## - NÚMERO INTERNACIONAL NORMALIZADO PARA LIBROS
Número Internacional Estándar del Libro 9786074135282
040 ## - FUENTE DE LA CATALOGACIÓN
Centro catalogador/agencia de origen MX-MxUPN
Lengua de catalogación spa
Centro/agencia transcriptor MX-MxUPN
041 0# - CÓDIGO DE IDIOMA
Código de lengua del texto/banda sonora o título independiente spa
050 14 - SIGNATURA TOPOGRÁFICA DE LA BIBLIOTECA DEL CONGRESO
Número de clasificación HQ1075
Número de documento/Ítem R66 2024
245 00 - MENCIÓN DE TÍTULO
Título Romper el molde :
Resto del título desmontando estereotipos de género en la universidad desde la ASCL
250 ## - MENCIÓN DE EDICIÓN
Mención de edición Primera edición.
260 ## - PUBLICACIÓN, DISTRIBUCIÓN, ETC.
Lugar de publicación, distribución, etc. Ciudad de México :
Nombre del editor, distribuidor, etc. Universidad Pedagógica Nacional,
Fecha de publicación, distribución, etc. 2024
300 ## - DESCRIPCIÓN FÍSICA
Extensión 251 páginas :
Otras características físicas fotografías
505 00 - NOTA DE CONTENIDO CON FORMATO PREESTABLECIDO
Título La animación sociocultural de la lengua: una herramienta para deconstruir estereotipos de género /
Mención de responsabilidad Eduardo Santiago Ruiz --
Título Entender el género como una categoría /
Mención de responsabilidad Adriana Guadalupe Ramírez Camacho, Ricardo García Jaime --
Título Pasado y presente de la animación sociocultural de la lengua /
Mención de responsabilidad Linda Vanessa Correa Nava --
Título Escribir autobiografías /
Mención de responsabilidad Angélica Jiménez Robles --
Título De romper el modelo y otras resonancias /
Mención de responsabilidad María Magdalena Dueñas Trejo --
Título Género, trabajo y cuidados: una aproximación /
Mención de responsabilidad Adriana Guadalupe Ramírez Camacho --
Título Lo que nadie ve: distribución sexual del trabajo /
Mención de responsabilidad Linda Vanessa Correa Nava --
Título La belleza color corazón /
Mención de responsabilidad Lucía Santiago González --
Título ¿Rosa caramelo o azul celeste? /
Mención de responsabilidad Rebeca Sánchez Quintero --
Título Desarticulando estereotipos del amor /
Mención de responsabilidad Ricardo García Jaime --
Título El amor en tiempos de género /
Mención de responsabilidad Antonia Cruz López --
Título El amor es un milagro, lo sé ahora /
Mención de responsabilidad Angélica Jiménez Robles.
650 #4 - ASIENTO SECUNDARIO DE MATERIA - TERMINO TEMATICO
Término de materia o nombre geográfico como elemento de entrada Género
9 (RLIN) 5712
650 #4 - ASIENTO SECUNDARIO DE MATERIA - TERMINO TEMATICO
Término de materia o nombre geográfico como elemento de entrada Estereotipos sexuales
9 (RLIN) 12813
650 #4 - ASIENTO SECUNDARIO DE MATERIA - TERMINO TEMATICO
Término de materia o nombre geográfico como elemento de entrada Rol sexual
9 (RLIN) 5307
700 1# - ASIENTO SECUNDARIO--NOMBRE DE PERSONAL
Nombre de persona Jiménez Robles, Angélica
9 (RLIN) 49517
Término indicativo de función/relación cordinación
902 ## - ELEMENTOS DE DATOS B LOCAL, LDB (RLIN)
Creó MarielOrtiz/111024
Modificó Víctor Ruiz/151024
942 ## - ELEMENTOS DE PUNTO DE ACCESO ADICIONAL (KOHA)
Fuente del sistema de clasificación o colocación Library of Congress Classification
Tipo de ítem Koha Libro
Suprimir en OPAC No
Holdings
Estado de retiro Estado de pérdida Fuente del sistema de clasificación o colocación Estado dañado No para préstamo Código de colección Localización permanente Ubicación/localización actual Ubicación en estantería Fecha de adquisición Clasificación Código de barras Fecha visto por última vez Número de copia Precio válido a partir de Tipo de ítem Koha
    Library of Congress Classification     Colección General Bib. Gregorio Torres Quintero Bib. Gregorio Torres Quintero Planta baja 11/10/2024 HQ1075 R66 2024 340191 11/10/2024 Ej.2 11/10/2024 Libro
    Library of Congress Classification   Disponible (Previa cita) UPN Bib. Gregorio Torres Quintero Bib. Gregorio Torres Quintero Sala de Fondos Reservados Planta alta 11/10/2024 HQ1075 R66 2024 340190 11/10/2024   11/10/2024 Libro